| 000 | 00470nam a2200145 4500 | ||
|---|---|---|---|
| 001 | 117893 | ||
| 003 | ES-MaACL | ||
| 005 | 20230906191005.0 | ||
| 007 | t| | ||
| 008 | 070214s1901 au r ||||1| ger d | ||
| 100 | 1 |
_aPappafava, Vladimir. _988882 |
|
| 245 | 1 | 0 |
_aDer Streit um das Jus Novorum im Berufungsverfahren nach der oesterreichischen civil processordnung / _cvon Dr. Vladimir Pappafava. |
| 260 |
_aInnsbruck : _b[s. n.], _c1901. |
||
| 852 |
_aES-MaACL _jT-1071-F-3 |
||
| 999 |
_c117893 _d117893 |
||